000 00369nam a2200145Ia 4500
008 151213s9999 xx 000 0 und d
100 _aDaniel Jones
245 _aEnglish Pronouncing Dictionary
_cDaniel Jones
260 _aU.K
_bCambridge University
_c1997
300 _a2427 p.
650 _aEnglish
650 _aEnglish
700 _aDaniel Jones
999 _c1692
_d1692